Instrumentos de investigación /

Contiene: El plan; Recopilación, análisis y ordenación del material; Corrección de estilo y presentación; Subproductos de investigación.

Guardado en:
Bibliografiske detaljer
Hovedforfatter: Baena Paz, Guillermina (autor)
Format: Bog
Sprog:spansk
Udgivet: México : Editores Mexicanos Unidos, 1986
Udgivelse:2a edición
Fag:
Tags: Tilføj Tag
Ingen Tags, Vær først til at tagge denne postø!

MARC

LEADER 00000nam^a2200000^a^4500
001 000000009
005 20250521000000.0
009 20260310083011.473
020 |a 968-15-0618-9 
037 |a Acervo ITESO - Biblioteca 
041 |a ESP 
082 |a 001. 42  |b BAE 
100 |a Baena Paz, Guillermina  |e (autor) 
245 1 0 |a Instrumentos de investigación /  |c G. Baena Paz. 
250 |a 2a edición 
264 1 |a México :  |b Editores Mexicanos Unidos,  |c 1986 
300 |a 134 p. 
336 |a texto  |b txt  |2 rdacontenido 
337 |a sin mediación  |b n  |2 rdamedio 
338 |a volumen  |b nc  |2 rdasoporte 
520 |a Contiene: El plan; Recopilación, análisis y ordenación del material; Corrección de estilo y presentación; Subproductos de investigación. 
649 |a XX 
650 |a Metodología 
650 |a Investigación 
910 |a Fondo General 
920 |a Impresos - Libros 
930 |a Colección General 
905 |a 101 
901 |a 0500000097  |b IT1  |c ACC  |i 000009  |u 20250521 
901 |a 0000090200  |b IT1  |c ACC  |i 900552  |u 20250521 
902 |a https://opac.biblio.iteso.mx/vufind/Record/000000009